00529nam a22001457a 4500008004100000040005500041080001800096245005300114260004000167300001500207490009200222650002300314653002000337700002600357230328b |||||||| |||| 00| 0 eng d aNational Science LibrarycNational Science Library a536.764bL0.2 aPhase diagrams materials science and technology  aNew York: bAcademic Press, c1970  aix, 354p.  aThe use of phase diagrams in metal, refractory, ceramic, and cement technology vVol. 2 aMaterials science  aPhase diagrams  aAlper, Allen M (Ed.)